000 00914nam a2200361Ia 4500
003 OSt
005 20250415103644.0
008 250127s9999||||xx |||||||||||||| ||und||
040 _cSTCPL
041 _aENG
082 _a920.3
_bGEO-D V.16
100 _aSmith, George
245 4 _aThe dictionary of national biography :
_bPocock Robins Vol.16 /
_cby George Smith
260 _aLondon :
_bOxford University Press ,
_c1917 .
300 _a1319 p.
_bHB
650 _aGeneral Biography
650 _aBiography
650 _aNational Biography
650 _aDictionary
650 _aDictionary of National Biography
700 _aStephen, Leslie (ed.)
700 _aLee, Sidney (ed.)
942 _cBK
942 _2ddc
_n0
942 _2ddc
_n0
942 _2ddc
_n0
942 _2ddc
_n0
942 _2ddc
_n0
942 _2ddc
_n0
942 _2ddc
_n0
942 _2ddc
_n0
942 _2ddc
_n0
999 _c84592
_d84592